000 00309nam a22001337a 4500
008 170808b xxu||||| |||| 00| 0 eng d
020 _a9780789500090
041 _aeng
080 _a004
100 _a35
101 _aSHK
245 _aUSING COMPUTERS A GATEWAY TO INFORMATION
_cSHELL,G.B
942 _2udc
_cBK
999 _c22913
_d22913